Diagnostika podnikateľského prostredia

Cieľom podnikovej diagnostiky je vytvoriť komplexnú a usporiadanú sústavu poznatkov o vykonávaní diagnóz podniku, o identifikovaných problémoch, slabých miestach, nevyužitých príležitostiach, krízach a rizikách. Hodnotí výkonnosť, efektívnosť a mieru prispôsobivosti podniku na zmenu podmienok, takt...

ver descrição completa

Na minha lista:
Detalhes bibliográficos
Autor principal: Deáková, Stanislava, 1974-
Formato: Capítulo de Livro
Idioma:eslovaco
Assuntos:
Tags: Adicionar Tag
Sem tags, seja o primeiro a adicionar uma tag!

MARC

LEADER 00000naa$a2200000$$$4500
001 0046692
005 20240502071535.0
041 0 |a slo 
044 |a SK 
245 1 0 |a Diagnostika podnikateľského prostredia  |c Stanislava Deáková 
520 |a Cieľom podnikovej diagnostiky je vytvoriť komplexnú a usporiadanú sústavu poznatkov o vykonávaní diagnóz podniku, o identifikovaných problémoch, slabých miestach, nevyužitých príležitostiach, krízach a rizikách. Hodnotí výkonnosť, efektívnosť a mieru prispôsobivosti podniku na zmenu podmienok, taktiež ponúka spôsob prevencie a možnosti riešenia vzniknutej podnikovej krízy. Podnikateľské prostredie z hľadiska podnikovej diagnostiky členíme na: makropodnikateľské, mezopodnikateľské a mikropodnikateľské prostredie. Proces diagnostikovania podnikateľského prostredia. 
610 2 0 |a podnik 
610 2 0 |a prostredie podnikateľské 
610 2 0 |a diagnostika podniková 
610 2 0 |a efektívnosť podnikania 
100 1 |a Deáková, Stanislava, 1974-